| 000 | 00802 a2200217 4500 | ||
|---|---|---|---|
| 999 |
_c8210 _d8210 |
||
| 020 | _a9780738611280 | ||
| 050 | 0 | 0 | _aPE1128 BOG 2013 |
| 100 |
_aBoguchwal, Sherry _eauthor |
||
| 245 | 0 | 0 |
_aESL beginner : _bEnglish as a second language made nice and easy / _cResearch & Education Association. |
| 264 |
_aNew Jersey : _bResearch and education association., _c2014 |
||
| 300 |
_av. :390 pages _bill. ; |
||
| 500 | _alncludes index | ||
| 650 | 0 | _aEnglish language | |
| 650 | 7 | _aEnglish language. | |
| 700 | _aRamdeholl., Dianne | ||
| 700 | _aPugni, Johanna | ||
| 700 | _aRobbian, Linda | ||
| 710 | 2 | _aResearch and Education Association. | |
| 942 |
_2lcc _cBK _h1128 _iBOG _kPE |
||